All UEFA Champions League top goalscorers - Estadísticas

Estadísticas generales
  • Esta prueba ha sido intentada 83 veces
    55 desde el último reinicio
  • La puntuación promedio es 46 de 101
Estadísticas de respuestas
año Player Team Country % Correcto
2007-08 Cristiano Ronaldo Manchester United Portugal
100%
2012-13 Cristiano Ronaldo Real Madrid Portugal
100%
2013-14 Cristiano Ronaldo Real Madrid Portugal
100%
Cristiano Ronaldo Real Madrid Portugal
100%
2015-16 Cristiano Ronaldo Real Madrid Portugal
100%
2016-17 Cristiano Ronaldo Real Madrid Portugal
100%
2017-18 Cristiano Ronaldo Real Madrid Portugal
100%
2020-21 Erling Haaland Borussia Dortmund Norway
98%
2022-23 Erling Haaland Manchester City Norway
98%
2023-34 Harry Kane Bayern Munich England
98%
2021-22 Karim Benzema Real Madrid France
98%
Kylian Mbappé Paris Saint-Germain France
98%
2008-09 Lionel Messi FC Barcelona Argentina
98%
2009-10 Lionel Messi FC Barcelona Argentina
98%
2010-11 Lionel Messi FC Barcelona Argentina
98%
2011-12 Lionel Messi FC Barcelona Argentina
98%
Lionel Messi FC Barcelona Argentina
98%
2018-19 Lionel Messi FC Barcelona Argentina
98%
2014-15 Neymar FC Barcelona Brazil
98%
2019-20 Robert Lewandowski Bayern Munich Poland
98%
1998-99 Andriy Shevchenko Dynamo Kyiv Ukraine
95%
2005-06 Andriy Shevchenko Milan Ukraine
95%
1959-60 Ferenc Puskás Real Madrid Hungary
90%
Ferenc Puskás Real Madrid Hungary
90%
Ferenc Puskás Real Madrid Hungary
90%
2006-07 Kaká Milan Brazil
90%
Raúl Real Madrid Spain
88%
2000-01 Raúl Real Madrid Spain
88%
Rivaldo FC Barcelona Brazil
88%
1957-58 Alfredo Di Stéfano Real Madrid Argentina / Spain
83%
Alfredo Di Stéfano Real Madrid Argentina / Spain
83%
2001-02 Ruud van Nistelrooy Manchester United Netherlands
83%
2002-03 Ruud van Nistelrooy Manchester United Netherlands
83%
2004-05 Ruud van Nistelrooy Manchester United Netherlands
83%
1964-65 Eusébio Benfica Portugal
78%
Eusébio Benfica Portugal
78%
1967-68 Eusébio Benfica Portugal
78%
1988-89 Marco van Basten Milan Netherlands
78%
1972-73 Gerd Müller Bayern Munich Germany
75%
1973-74 Gerd Müller Bayern Munich Germany
75%
1974-75 Gerd Müller Bayern Munich Germany
75%
1976-77 Gerd Müller Bayern Munich Germany
75%
1994-95 George Weah Paris Saint-Germain Liberia
73%
1971-72 Johan Cruyff Ajax Netherlands
68%
1997-98 Alessandro Del Piero Juventus Italy
65%
1989-90 Romário PSV Eindhoven Brazil
60%
1992-93 Romário PSV Eindhoven Brazil
60%
2003-04 Fernando Morientes Monaco Spain
55%
1993-94 Ronald Koeman FC Barcelona Netherlands
53%
1995-96 Jari Litmanen Ajax Finland
40%
Michel Platini Juventus France
38%
Dwight Yorke Manchester United Trinidad and Tobago
33%
Jean-Pierre Papin Olympique Marseille France
33%
Jean-Pierre Papin Olympique Marseille France
33%
Jean-Pierre Papin Olympique Marseille France
33%
1982-83 Paolo Rossi Juventus Italy
23%
1968-69 Denis Law Manchester United Scotland
18%
1987-88 Gheorghe Hagi Steaua Bucuresti Romania
15%
Karl-Heinz Rummenigge Bayern Munich Germany
13%
José Torres Benfica Portugal
10%
1999-00 Mário Jardel Porto Brazil
10%
1996-97 Milinko Pantic Atlético Madrid Serbia and Montenegro
10%
1977-78 Allan Simonsen Borussia Mönchengladbach Denmark
8%
1958-59 Just Fontaine Stade de Reims France
8%
Míchel Real Madrid Spain
8%
1965-66 Flórián Albert Ferencváros Hungary
5%
Sandro Mazzola Inter Milan Italy
5%
Ally McCoist Rangers Scotland
3%
1981-82 Dieter Hoeness Bayern Munich Germany
3%
Graeme Souness Liverpool Scotland
3%
1969-70 Mick Jones Leeds United England
3%
Wynton Rufer Werder Bremen New Zealand
3%
Antal Dunai Újpest Hungary
0%
1970-71 Antonis Antoniadis Panathinaikos Greece
0%
1986-87 Borislav Cvetkovic Red Star Belgrade Yugoslavia
0%
1978-79 Claudio Sulser Grasshopper Switzerland
0%
1956-57 Dennis Viollet Manchester United England
0%
Eduard Markarov Ararat Yerevan Soviet Union
0%
Franco Cucinotta Zürich Italy
0%
1961-62 Heinz Strehl Nürnberg Germany
0%
1960-61 José Águas Benfica Portugal
0%
1962-63 José Altafini Milan Italy
0%
1975-76 Jupp Heynckes Borussia Mönchengladbach Germany
0%
1966-67 Jürgen Piepenburg Vorwärts Berlin Germany
0%
Justo Tejada Real Madrid Spain
0%
Lou Macari Celtic Scotland
0%
1955-56 Milos Milutinovic Partizan Yugoslavia
0%
Paul Van Himst Anderlecht Belgium
0%
Petar Novák Sparta Prague Czech Republic
0%
1990-91 Peter Pacult Tirol Innsbruck Austria
0%
Rabah Madjer Porto Algeria
0%
René van der Gijp Neuchâtel Xamax Netherlands
0%
Rui Águas Benfica Portugal
0%
1991-92 Sergei Yuran Benfica Ukraine
0%
Silvester Takac Standard Liège Yugoslavia
0%
1979-80 Soren Lerby Ajax Denmark
0%
1980-81 Terry McDermott Liverpool England
0%
1984-85 Torbjörn Nilsson Göteborg Sweden
0%
1985-86 Torbjörn Nilsson Göteborg Sweden
0%
1983-84 Viktor Sokol Dinamo Minsk Soviet Union
0%
1963-64 Vladica Kovacevic Partizan Yugoslavia
0%
No se encontraron pruebas coincidentes
Distribución de puntuación
Porcentaje de gente con cada puntuación
Porcentaje por número respondido
Historial de tus puntuaciones
No has intentado esta prueba desde el último reinicio